| 000 | 01534nam a2200361 a 4500 | ||
|---|---|---|---|
| 001 | ebr10314555 | ||
| 003 | CaPaEBR | ||
| 006 | m u | ||
| 007 | cr cn||||||||| | ||
| 008 | 090312s2009 gw sb 001 0 eng | ||
| 010 | _z 2009010492 | ||
| 020 | _z9783110213485 (hardcover : alk. paper) | ||
| 020 | _z3110213486 (hardcover : alk. paper) | ||
| 040 |
_aCaPaEBR _cCaPaEBR |
||
| 035 | _a(OCoLC)646812083 | ||
| 050 | 1 | 4 |
_aP302.84 _b.B47 2009eb |
| 082 | 0 | 4 |
_a306.44 _222 |
| 100 | 1 | _aBerk-Seligson, Susan. | |
| 245 | 1 | 0 |
_aCoerced confessions _h[electronic resource] : _bthe discourse of bilingual police interrogations / _cby Susan Berk-Seligson. |
| 260 |
_aBerlin ; _aNew York : _bMouton de Gruyter, _cc2009. |
||
| 300 | _axii, 261 p. | ||
| 490 | 1 |
_aLanguage, power, and social process ; _v25 |
|
| 504 | _aIncludes bibliographical references (p. [225]-247) and indexes. | ||
| 533 |
_aElectronic reproduction. _bPalo Alto, Calif. : _cebrary, _d2013. _nAvailable via World Wide Web. _nAccess may be limited to ebrary affiliated libraries. |
||
| 650 | 0 |
_aCritical discourse analysis _xSocial aspects. |
|
| 650 | 0 |
_aBilingualism _xSocial aspects. |
|
| 650 | 0 |
_aPolice questioning _xSocial aspects. |
|
| 650 | 0 |
_aIntercultural communication _xSocial aspects. |
|
| 655 | 7 |
_aElectronic books. _2local |
|
| 710 | 2 | _aebrary, Inc. | |
| 830 | 0 |
_aLanguage, power, and social process ; _v25. |
|
| 856 | 4 | 0 |
_uhttp://site.ebrary.com/lib/rucke/Doc?id=10314555 _zAn electronic book accessible through the World Wide Web; click to view |
| 999 |
_c57841 _d57841 |
||